|
|
|
|
| LEADER |
00000nam a22000007a 4500 |
| 005 |
20211014231023.0 |
| 007 |
cr|||| |||| |
| 008 |
211014c19989999gb qr|w s|||| 0|||b1eng d |
| 022 |
|
|
|a 1461-3557
|
| 035 |
|
|
|a 33801
|
| 040 |
|
|
|a vLex
|
| 090 |
|
|
|c 12571
|d 12571
|
| 245 |
0 |
0 |
|a International Journal of Police Science and Management
|h [Recurso electrn̤ico] /
|
| 256 |
|
|
|a Servicio en ln̕ea
|
| 300 |
|
|
|a 1 recurso electrn̤ico
|
| 310 |
|
|
|a Trimestral
|
| 362 |
|
|
|a Nð 1-1 (Mar. 1998) -
|
| 506 |
1 |
|
|a Disponible solo en los productos indicados
|d vLex Global
|d vLex Global (Academic Edition, excluding Law Schools)
|d vLex Global (U.S. Academic Edition, Law Schools)
|d vLex Global (U.S. Academic Edition, excluding Law Schools)
|d vLex Global (Academic Edition, Law Schools)
|
| 650 |
0 |
4 |
|a Derecho Internacional
|z Reino Unido
|
| 740 |
0 |
|
|a vLex Revistas (Servicio en ln̕ea)
|
| 856 |
4 |
0 |
|u https://app.vlex.com/#/sources/33801
|z Acceso restringido
|
| 942 |
|
|
|c REV
|
| 999 |
0 |
|
|a International right
|